000 00634cab a2200217 4500
001 WB3222-27
008 090401t xxu||||| |||| 00| 0 eng d
035 _a(Sirsi) u20835
041 _aeng
245 _aScottish prices take a leap
260 _cScottish Homes 5 June 1996. 1(1)
350 _a0
490 _aHerald
_vScottish Homes 5 June 1996. 1(1)
520 _aScottish house prices rose by 2.4% in the three months to April 1996, according to the TSB House Price Monitor.
650 _aHOUSE PRICES
650 _aHOUSING MARKET
650 _aSCOTLAND
690 _aHOUSING-PRICES
942 _n0
948 _c04/03/1997
999 _c13964
_d13964